000 00960cam a2200253 4500
001 77190
003 BD-RjUL
005 20211209082936.0
008 200302r19691803nyua 000 1 eng
035 _a(BD-RjUL) 77414
040 _aDLC
_cDLC
_dBD-RjUL
_beng
041 _aeng
082 0 0 _a821.6
_bCHW V-2 1969
100 1 _aChatterton, Thomas,
_d1752-1770.
_960517
245 1 4 _aThe works of Thomas Chatterton /
_cThomas Chatterton.
_nvol. 2 :
_phis life, by G. Gregory and miscellaneous poems.
260 _aNew York :
_bAMS Press,
_c1803 [Reprinted 1969].
300 _aV. :
_billus. ;
_c23 cm.
505 0 _av. 1. His life, by G. Gregory. Miscellaneous poems.--v. 2. The poems attributed to Rowley.--v. 3. Miscellaneous pieces in prose.
650 0 _aLiterary forgeries and mystifications
_vEarly works to 1800.
_960518
700 1 _aGregory, G.
_q(George),
_d1754-1808.
_9240188
942 _2ddc
_cBK
999 _c77190
_d77190